Lions Tours To New Zealand - All Tour Opponents - Statistics

General Stats
  • This quiz has been taken 96 times
  • The average score is 23 of 35
Answer Stats
Year Opponent % Correct
1971 New Zealand
97%
1971 New Zealand Maori
91%
2017 Blues
89%
1971 Auckland
86%
2017 Chiefs
85%
2017 Hurricanes
84%
2017 Crusaders
83%
2017 Highlanders
82%
1971 Wellington
82%
1971 Otago
80%
2017 Provincial Barbarians
78%
1971 Canterbury
77%
1971 Waikato
77%
1971 Nelson Bays/Marlborough
69%
1971 Southland
69%
1971 Taranaki
69%
1971 Bay of Plenty
67%
1971 North Auckland
67%
1971 Hawke's Bay
64%
1971 Counties-Thames Valley
61%
1983 Manawatu
61%
1971 Manawatu-Horowhenua
61%
1993 North Harbour
61%
1983 Counties
60%
1971 South Canterbury/Mid Canterbury/North Otago
55%
1977 Hanan Shields Districts
54%
1971 West Coast/Buller
53%
1977 King Country/Wanganui
52%
1971 Poverty Bay/East Coast
51%
1983 West Coast
47%
1983 Wanganui
40%
1971 New Zealand Universities
36%
1971 Wairarapa-Bush
34%
1983 Mid-Canterbury
31%
1977 New Zealand Juniors
24%
No matching quizzes found
Score Distribution
Percent of People with Each Score
Percentile by Number Answered
Your Score History
You have not taken this quiz